[Event "Paleochora op 8th"]
[Site "Paleochora"]
[Date "2015.07.17"]
[Round "1"]
[White "Falelakis, Georgios"]
[Black "Stathopoulos, Ioannis"]
[Result "0-1"]
[WhiteElo "1561"]
[BlackElo "2311"]
[PlyCount "76"]
[EventDate "2015.07.17"]
[EventType "swiss"]
[EventRounds "9"]
[EventCountry "GRE"]
[SourceTitle "CBM 167 Extra"]
[Source "ChessBase"]
[SourceDate "2015.09.14"]
[SourceVersion "1"]
[SourceVersionDate "2015.09.14"]
[SourceQuality "1"]

1. d4 Nf6 2. Nf3 g6 3. c4 Bg7 4. Nc3 0-0 5. e3 d6 6. Be2 Nbd7 7. 0-0 c6 8. Qc2 e5 9. b3 Re8 10. dxe5 dxe5 11. Ba3 e4 12. Nd2 Qa5 13. Bd6 Qf5 14. Rad1 Re6 15. Bb4 b6 16. Ba3 a5 17. Rfe1 h5 18. Nf1 h4 19. Rd6 Rxd6 20. Bxd6 h3 21. Ng3 Qe6 22. Ba3 hxg2 23. Ncxe4 Nxe4 24. Qxe4 Ne5 25. Qxg2 a4 26. Bb4 Bb7 27. f4 Ng4 28. Bf3 axb3 29. axb3 Ra1 30. Rxa1 Qxe3+ 31. Kf1 Nxh2+ 32. Qxh2 Qxf3+ 33. Qf2 Qxf2+ 34. Kxf2 Bxa1 35. Ke3 c5 36. Bd2 Bd4+ 37. Kd3 f5 38. Ne2 Be4# 0-1

[Event "Crete Poa op"]
[Site "Crete"]
[Date "2012.04.29"]
[Round "6"]
[White "Eleftherakis, Panagiotis"]
[Black "Falelakis, Georgios"]
[Result "1-0"]
[WhiteElo "1551"]
[BlackElo "1566"]
[PlyCount "131"]
[EventDate "2012.04.26"]
[EventType "swiss"]
[EventRounds "7"]
[EventCountry "GRE"]
[SourceTitle "EXT 2024"]
[Source "ChessBase"]
[SourceDate "2023.10.10"]
[SourceVersion "1"]
[SourceVersionDate "2023.10.10"]
[SourceQuality "1"]

1. d4 d5 2. Nf3 e6 3. e3 c6 4. Bd3 f5 5. b3 Nf6 6. Bb2 Bd6 7. Nbd2 Nbd7 8. Ne5 0-0 9. 0-0 Qc7 10. f4 Ne4 11. Nxe4 fxe4 12. Be2 Be7 13. Bg4 Nxe5 14. fxe5 Bd7 15. Qe2 Rxf1+ 16. Rxf1 Rf8 17. Rxf8+ Kxf8 18. Qf2+ Kg8 19. Qd2 Qb6 20. Be2 Qc7 21. c4 b6 22. Bc3 Bf8 23. a4 Be7 24. Bb4 Bxb4 25. Qxb4 Bc8 26. Qc3 Qb7 27. c5 bxc5 28. dxc5 Bd7 29. b4 a6 30. Qe1 Bc8 31. Qc3 Bd7 32. Qb3 Be8 33. Qc3 Bd7 34. Qd2 Be8 35. Qe1 Bd7 36. Qh4 Bc8 37. Kf2 Qf7+ 38. Kg1 Qd7 39. h3 Qe8 40. Qg5 Kf8 41. Qh4 Kg8 42. Bh5 Qd7 43. Qf2 Qb7 44. Kh2 Qc7 45. Qf4 Qe7 46. Be2 Qf7 47. Qh4 Qc7 48. Qg5 Kf8 49. h4 Qe7 50. Qh5 Kg8 51. Qg4 Qc7 52. Qg5 Qd7 53. b5 axb5 54. axb5 h6 55. bxc6 Qxc6 56. Qd8+ Kh7 57. Qd6 Bd7 58. Bg4 Qc8 59. Be2 Qe8 60. Bg4 Kg8 61. c6 Bc8 62. c7 Qd7 63. Be2 Qe8 64. Qd8 Kf7 65. Bh5+ g6 66. Bxg6+ 1-0